| 000 | 00430nam a2200157Ia 4500 | ||
|---|---|---|---|
| 008 | 220216s9999 xx 000 0 und d | ||
| 100 | _aRahim Kartini Abdul | ||
| 245 | 0 | _aSimultaneous determination of toxic elements in gloves | |
| 260 |
_bRubber Technology Developments _c2010 |
||
| 300 | _a38-41 | ||
| 650 | _aToxic elements | ||
| 700 | _aFaridah H.A.H. | ||
| 700 | _aMariam A.G. | ||
| 700 | _aRosmahani C.I. | ||
| 942 | _cJS | ||
| 999 |
_c68735 _d68735 |
||